Southville International School and Colleges
Your cart is empty.
  • Cart
  • Lists
    Public lists Eva Luna New books Lux_list list_1
    Your lists Log in to create your own lists
  • Log in to your account
  • Your cookies
  • Search history
Southville International School and Colleges
  • Advanced search
  • Recent comments
  • Most popular
  • Libraries

Log in to your account

Log in with GOOGLE


If you do not have an external account, but do have a local account, you can still log in:

  1. Home
  2. MARC view: I wonder why the sea is salty and other questions about the ocean
Normal view MARC view ISBD view

I wonder why the sea is salty and other questions about the ocean (Record no. 35189)

[ view plain ]
MARC details
000 -LEADER
fixed length control field 00957nam a22002777a 4500
003 - CONTROL NUMBER IDENTIFIER
control field OSt
005 - DATE AND TIME OF LATEST TRANSACTION
control field 20140310184529.0
008 - FIXED-LENGTH DATA ELEMENTS--GENERAL INFORMATION
fixed length control field 140108t xxu||||| |||| 00| 0 eng d
050 ## - LIBRARY OF CONGRESS CALL NUMBER
Classification number QC 21.5
Item number .G34 2006
100 ## - MAIN ENTRY--PERSONAL NAME
Personal name Ganeri, Anita
9 (RLIN) 14323
245 ## - TITLE STATEMENT
Title I wonder why the sea is salty and other questions about the ocean
Statement of responsibility, etc Anita Ganeri.
260 ## - PUBLICATION, DISTRIBUTION, ETC. (IMPRINT)
Place of publication, distribution, etc New York:
Name of publisher, distributor, etc Kingfisher Publications,
Date of publication, distribution, etc c1995.
300 ## - PHYSICAL DESCRIPTION
Extent 32 p. :
Other physical details col. ill. ;
Dimensions 29 cm.
440 ## - SERIES STATEMENT/ADDED ENTRY--TITLE
Title I wonder why
9 (RLIN) 30489
500 ## - GENERAL NOTE
General note Includes index.
650 ## - SUBJECT ADDED ENTRY--TOPICAL TERM
Topical term or geographic name as entry element Ocean
General subdivision Juvenile literature.
9 (RLIN) 30490
650 ## - SUBJECT ADDED ENTRY--TOPICAL TERM
Topical term or geographic name as entry element Marine ecology
General subdivision Juvenile literature.
9 (RLIN) 30491
650 ## - SUBJECT ADDED ENTRY--TOPICAL TERM
Topical term or geographic name as entry element Marine animals
General subdivision Juvenile literature.
9 (RLIN) 30492
650 ## - SUBJECT ADDED ENTRY--TOPICAL TERM
Topical term or geographic name as entry element Ocean
General subdivision Miscellanea.
9 (RLIN) 30493
650 ## - SUBJECT ADDED ENTRY--TOPICAL TERM
Topical term or geographic name as entry element Marine ecology
General subdivision Miscellanea.
9 (RLIN) 30494
650 ## - SUBJECT ADDED ENTRY--TOPICAL TERM
Topical term or geographic name as entry element Ecology
Form subdivision Miscellanea.
9 (RLIN) 30495
650 ## - SUBJECT ADDED ENTRY--TOPICAL TERM
Topical term or geographic name as entry element Marine animals
General subdivision Miscellanea.
9 (RLIN) 30496
650 ## - SUBJECT ADDED ENTRY--TOPICAL TERM
Topical term or geographic name as entry element Questions and answers.
9 (RLIN) 4945
942 ## - ADDED ENTRY ELEMENTS (KOHA)
Source of classification or shelving scheme Library of Congress Classification
Koha item type
Holdings
Withdrawn status Lost status Source of classification or shelving scheme Damaged status Home library Current library Shelving location Date acquired Total Checkouts Full call number Barcode Date last seen Copy number Price effective from Koha item type
    Library of Congress Classification   Luxembourg Library Luxembourg Library Reference Section 01/08/2014   QC 21.5 .G34 2006 LEX1716 01/08/2014 1 01/08/2014 Books

I wonder why the sea is salty and other questions about the ocean

APA

Ganeri A., . (1995). I wonder why the sea is salty and other questions about the ocean. New York: Kingfisher Publications.

Chicago

Ganeri Anita, . 1995. I wonder why the sea is salty and other questions about the ocean. New York: Kingfisher Publications.

Harvard

Ganeri A., . (1995). I wonder why the sea is salty and other questions about the ocean. New York: Kingfisher Publications.

MLA

Ganeri Anita, . I wonder why the sea is salty and other questions about the ocean. New York: Kingfisher Publications. 1995.

  • Place hold
  • Print
  • Cite
  • Add to your cart (remove)
  • Save record
    BIBTEX Dublin Core MARCXML MARC (non-Unicode/MARC-8) MARC (Unicode/UTF-8) MARC (Unicode/UTF-8, Standard) MODS (XML) RIS
  • More searches
    Search for this title in:
    Other Libraries (WorldCat) Other Databases (Google Scholar) Online Stores (Bookfinder.com) Open Library (openlibrary.org)

Exporting to Dublin Core...

SOUTHVILLE LIBRARY

Southville International School and Colleges Library

1281 Tropical Ave. Cor. Luxembourg St., BF Homes International, Las Pinas City

Tel. No. 8256374 / 252358 Loc. 117/146

Powered by Koha